000
002550000a22000970004500
245
1
0
_a
Voces
300
_a
Vol.0, núm.3 (Junio, 2004), Páginas 6-8
520
_a
Desde el gobierno. Desde las instituciones.
773
0
_t
Educación para la paz
942
_c
ANA
999
_c
60189
_d
60189